000
00232nam a2200097Ia 4500
001
777751
005
20250826165912.0
008
250824s9999 xx 000 0 und d
245
0
_a
HAYIR
_c
ADALET AĞAOĞLU
260
_b
EVEREST YAYINLARI
999
_c
777751
_d
777751